Green intelligence (Record no. 32455)
[ view plain ]
| 000 -LEADER | |
|---|---|
| fixed length control field | 01385nam a2200349Ia 4500 |
| 100 1# - MAIN ENTRY--AUTHOR NAME | |
| Personal name | Wargo, John, |
| 245 10 - TITLE STATEMENT | |
| Title | Green intelligence |
| 260 ## - PUBLICATION, DISTRIBUTION, ETC. (IMPRINT) | |
| Place of publication | New Haven, CT ; |
| -- | London : |
| Name of publisher | Yale University Press, |
| Year of publication | c2009. |
| 300 ## - PHYSICAL DESCRIPTION | |
| Number of Pages | xxii, 371 p. |
| 650 #0 - SUBJECT ADDED ENTRY--TOPICAL TERM | |
| Topical Term | Environmental quality. |
| Topical Term | Environmental degradation. |
| Topical Term | Environmental policy. |
| Topical Term | Nuclear accidents |
| Topical Term | Air |
| Topical Term | Water |
| Topical Term | Pesticides |
| 856 40 - ELECTRONIC LOCATION AND ACCESS | |
| Uniform Resource Identifier | http://site.ebrary.com/lib/rucke/Doc?id=10348402 |
No items available.
